01024 2200301 4500001002100000005001700021008004100038020001800079035002400097090001300121245018900134260005100323300002500374500008700399500002600486650003300512700001600545700002500561700002600586850001600612980001300628985000600641999001500647999001500662999001500677999001500692990001500707YOGYA-0209000001799120090227022823.0 ind  a979-420-216-9 0010-020900000017991 a614bDes aDESENTRALISASI Sistem kesehatanbKonsep - konsep, isu-isu dan pengalaman di berbagai negaracEditor,Anne Mills...[et.al];Penerjemah,Laksono Trisnantoro;Penyunting, Siswanto Agus Wilopo aYogyakartabGadjah Mada University Pressc1991 a166 hlmbilusc26 cm aJudul asli : Health System decentralization:concepts,issues and country experience aBibliografi Hlm.42-45 aKesehatan-aspek pemerintahan aMills, Anne aTrisnantoro, Laksono aWilopo, Siswanto Agus aYOPDYOG (B) a23-02-06 a4 a95P0056969 a00P0001786 a00P0001787 a00P0001788 a56969-P/95